000 01192nam a2200277 i 4500
001 000020429
003 DO-SdBNP
005 20230428102643.0
007 ta
008 100813s2015 dr a r 000 0 spa d
020 _a9789945131833
040 _aDO-SdBNP
_bspa
_cBNPHU
_erda
082 4 _bL864r
_222
100 1 _aLópez Reyes, Oscar
_9750
245 1 0 _aRelaciones públicas :
_bsaber decir, conceptos y programas para la acción /
_cOscar López Reyes.
264 _aSanto Domingo :
_bMediabyte,
_c2015.
300 _a203 páginas ;
_c29 cm.
336 _2rdacontent
_atexto
_btxt
337 _2rdamedia
_asin mediación
_bn
338 _2rdacarrier
_avolumen
_bnc
500 _aIncluye datos biográficos del autor en la solapa de la cubierta
504 _aBibliografía : p. 204
505 0 _aLos roles de la comunicación --
_tEvolución y desarrollo de las RR. PP--
_tCampo se acción, identidad y relaciones públicas --
_tLas investigaciones ¿Para qué? --
_tProgramas permanentes y de crisis --
_tGestión gerencial y modelos --
_tCeremonial protocolo y etiqueta --
_tÉticas y relaciones pública --
_tBibliografía general.
590 _aInventariado, 2023/BT
942 _2ddc
_cLBS1
999 _c19933
_d19933